000 00350nam a22001457a 4500
003 OSt
008 260219b |||||||| |||| 00| 0 eng d
020 _a9789364117517
082 _a158.7 BAM
100 _aBANERJEE,Prithvi Raj
245 _aMindfull Thinking
260 _aNew Delhi
_bSrishti Publications
_c2025
300 _a187
942 _2ddc
_cREF
999 _c13836
_d13836